000 00390nam a2200133Ia 4500
008 220217s9999||||xx |||||||||||||| ||und||
020 _a81-224-0357-3
082 _a621.381 52 BEA
100 _aBenda, Hansjiochen
245 0 _aMode operation of the trial : bidiectional thyristor: siemen
260 _aWiley eastern limited
_bNew Delhi
_c1991
300 _b40
650 _aCIRCUITRY
999 _c173295
_d173295